[Event "IX American Continental Classical Championship 201"]
[Site "Hotel Pipa AtlÃ¢ntico - Praia da Pipa - Rio Grande"]
[Date "2014.10.18"]
[Round "1"]
[Board "81"]
[White "Martinez, Ayelen"]
[Black "Dantas, Isaac Pereira"]
[Result "1-0"]
[WhiteElo "2120"]
[BlackElo "1633"]
[PlyCount "59"]
[EventDate "2014.10.18"]
[EventRounds "11"]
[EventCountry "BRA"]

1. e4 c5 2. Nf3 d6 3. Bb5+ Nd7 4. d4 cxd4 5. Nxd4 a6 6. Bxd7+ Bxd7 7. O-O Nf6
8. Nc3 g6 9. Re1 Bg7 10. Bg5 O-O 11. Qd2 Qc7 12. Nd5 Nxd5 13. exd5 f6 14. Rxe7
Qd8 15. Rxg7+ Kxg7 16. Bh6+ Kg8 17. Bxf8 Qxf8 18. Re1 Re8 19. f4 Rxe1+ 20. Qxe1
Qe8 21. Qxe8+ Bxe8 22. Kf2 Kf7 23. b3 Ke7 24. a4 b5 25. a5 Bf7 26. Nc6+ Ke8 27.
c4 g5 28. f5 Bh5 29. cxb5 axb5 30. a6 1-0

[Event "IX American Continental Classical Championship 201"]
[Site "Hotel Pipa AtlÃ¢ntico - Praia da Pipa - Rio Grande"]
[Date "2014.10.18"]
[Round "1"]
[Board "82"]
[White "Schucman, Rebeca Lot"]
[Black "Santos, Anderson Guerra Dos"]
[Result "0-1"]
[WhiteElo "1619"]
[BlackElo "2119"]
[PlyCount "94"]
[EventDate "2014.10.18"]
[EventRounds "11"]
[EventCountry "BRA"]

1. d4 Nf6 2. c4 g6 3. Nc3 Bg7 4. e4 d6 5. Nf3 O-O 6. Be2 e5 7. d5 a5 8. Bg5 h6
9. Bh4 Na6 10. Nd2 Qe8 11. O-O Nc5 12. Rb1 Bd7 13. b3 h5 14. a3 Nh7 15. f3 f5
16. b4 axb4 17. axb4 Na4 18. Qc2 Nxc3 19. Qxc3 g5 20. Bf2 f4 21. c5 Rc8 22. b5
dxc5 23. Bxc5 Rf6 24. Qb3 g4 25. Bf2 Kh8 26. Nc4 Rg6 27. Rfd1 g3 28. hxg3 fxg3
29. Be3 h4 30. d6 h3 31. dxc7 hxg2 32. Nd6 Rxd6 33. Rxd6 Qh5 34. Kxg2 Qh2+ 35.
Kf1 Qh1+ 36. Bg1 Bh3+ 37. Ke1 Qxg1+ 38. Kd2 Qc5 39. Rd8+ Nf8 40. b6 Bh6+ 41.
Kd3 Qe3+ 42. Kc2 Qxe2+ 43. Kc3 Qxf3+ 44. Kb4 Qxb3+ 45. Rxb3 Bf4 46. Kc5 Kg7 47.
Kd6 g2 0-1

[Event "IX American Continental Classical Championship 201"]
[Site "Hotel Pipa AtlÃ¢ntico - Praia da Pipa - Rio Grande"]
[Date "2014.10.18"]
[Round "1"]
[Board "83"]
[White "Maia, Jose Eduardo Bastos O."]
[Black "Farias, Sergio Luiz Cardoso"]
[Result "1-0"]
[WhiteElo "2118"]
[BlackElo "1575"]
[PlyCount "77"]
[EventDate "2014.10.18"]
[EventRounds "11"]
[EventCountry "BRA"]

1. d4 Nf6 2. Nf3 d5 3. c4 c6 4. Nc3 e6 5. e3 Bb4 6. Qc2 Nbd7 7. Bd3 O-O 8. O-O
Re8 9. a3 Bd6 10. b4 e5 11. cxd5 cxd5 12. dxe5 Nxe5 13. Nxe5 Bxe5 14. f4 Bb8
15. Rd1 Bg4 16. Ne2 Qb6 17. Kf1 g6 18. h3 Bxe2+ 19. Bxe2 Bd6 20. Bf3 Rac8 21.
Qd3 Bb8 22. Qd4 Qxd4 23. Rxd4 a6 24. Bd2 Ba7 25. Rd3 d4 26. exd4 Rc2 27. Re1
Rd8 28. d5 Nh5 29. Bxh5 gxh5 30. Re7 Rb8 31. d6 Kf8 32. Rc7 Rc6 33. Bc3 Bb6 34.
Rxc6 bxc6 35. Be5 Rd8 36. Rc3 Rc8 37. d7 Rd8 38. Rxc6 Ba7 39. Bf6 1-0

[Event "IX American Continental Classical Championship 201"]
[Site "Hotel Pipa AtlÃ¢ntico - Praia da Pipa - Rio Grande"]
[Date "2014.10.18"]
[Round "1"]
[Board "84"]
[White "Do Nascimento, Denner Leonardo"]
[Black "Souza, Marcos Valerio A."]
[Result "0-1"]
[WhiteElo "1555"]
[BlackElo "2117"]
[PlyCount "52"]
[EventDate "2014.10.18"]
[EventRounds "11"]
[EventCountry "BRA"]

1. d4 Nf6 2. c4 g6 3. Nc3 Bg7 4. e4 d6 5. Nf3 O-O 6. Be2 e5 7. O-O Nc6 8. d5
Ne7 9. Be3 Ng4 10. Bg5 h6 11. Bd2 f5 12. Ne1 Nf6 13. Qc2 f4 14. b4 g5 15. f3 h5
16. Nd3 Ng6 17. Nf2 g4 18. a4 g3 19. hxg3 fxg3 20. Nd3 Nh7 21. Nf2 Qh4 22. Nh3
Bxh3 23. Be1 Bxg2 24. Bxg3 Qxg3 25. Rf2 Nf4 26. Bf1 Nh3# 0-1

[Event "IX American Continental Classical Championship 201"]
[Site "Hotel Pipa AtlÃ¢ntico - Praia da Pipa - Rio Grande"]
[Date "2014.10.18"]
[Round "1"]
[Board "85"]
[White "Pinto, Carlos Henrique Lopes"]
[Black "Scardini, Leonardo"]
[Result "1-0"]
[WhiteElo "2116"]
[BlackElo "1522"]
[PlyCount "89"]
[EventDate "2014.10.18"]
[EventRounds "11"]
[EventCountry "BRA"]

1. d4 d5 2. c4 c6 3. Nf3 Nf6 4. Qc2 dxc4 5. Qxc4 Nbd7 6. g3 Qc7 7. Bf4 Qa5+ 8.
Nc3 Nb6 9. Qd3 Bf5 10. Qd1 e6 11. a3 Nbd5 12. Bd2 Nxc3 13. Bxc3 Qc7 14. Bg2 Ne4
15. O-O Nxc3 16. bxc3 Be7 17. Ne5 h6 18. e4 Bh7 19. Qb3 O-O 20. a4 Kh8 21. a5
f6 22. Nc4 Bg8 23. e5 fxe5 24. Nxe5 Bf7 25. a6 Rab8 26. axb7 Rxb7 27. Nxf7+
Rxf7 28. Qxe6 Rf6 29. Qc4 Rb6 30. Ra2 Rf8 31. Rfa1 Ra8 32. Be4 Bf6 33. Qe6 Qe7
34. Qf5 g5 35. Rxa7 Rxa7 36. Rxa7 Qxa7 37. Qxf6+ Kg8 38. Qxh6 Qg7 39. Qd6 Qf8
40. Bh7+ Kg7 41. Qc7+ Kh8 42. Qxb6 Kxh7 43. Qxc6 Qf5 44. Kg2 g4 45. c4 1-0

[Event "IX American Continental Classical Championship 201"]
[Site "Hotel Pipa AtlÃ¢ntico - Praia da Pipa - Rio Grande"]
[Date "2014.10.18"]
[Round "1"]
[Board "86"]
[White "Vieira, Erico Vinicius Duarte"]
[Black "Arango, Andres Mauricio"]
[Result "0-1"]
[WhiteElo "1520"]
[BlackElo "2111"]
[PlyCount "50"]
[EventDate "2014.10.18"]
[EventRounds "11"]
[EventCountry "BRA"]

1. e4 c5 2. Nf3 e6 3. d3 d5 4. Nbd2 g5 5. g3 Bg7 6. Qe2 dxe4 7. Nxe4 h6 8. Nxc5
Qa5+ 9. c3 Qxc5 10. d4 Qd6 11. Be3 Ne7 12. Bg2 O-O 13. h4 g4 14. Ng5 f5 15. Bf4
Qa6 16. Qe3 Ng6 17. Bf1 Qc6 18. f3 Nxf4 19. gxf4 hxg5 20. hxg5 Qxf3 21. Qxf3
gxf3 22. Bc4 Nc6 23. Kf2 Bd7 24. g6 Rf6 25. Rag1 Ne7 0-1

[Event "IX American Continental Classical Championship 201"]
[Site "Hotel Pipa AtlÃ¢ntico - Praia da Pipa - Rio Grande"]
[Date "2014.10.18"]
[Round "1"]
[Board "87"]
[White "Rezende, Guilherme Vilela"]
[Black "Sousa, Virginio Aleixo Da Silv"]
[Result "1-0"]
[WhiteElo "2110"]
[BlackElo "1499"]
[PlyCount "62"]
[EventDate "2014.10.18"]
[EventRounds "11"]
[EventCountry "BRA"]

1. d4 d6 2. Nf3 Nf6 3. c4 g6 4. g3 Bg7 5. Bg2 O-O 6. O-O Nc6 7. Nc3 e5 8. d5
Nb8 9. e4 Bd7 10. h3 Qc8 11. Kh2 Na6 12. a3 c6 13. b4 cxd5 14. cxd5 Nc7 15. Be3
Nb5 16. Nxb5 Bxb5 17. Rc1 Qd7 18. Re1 a6 19. Qc2 Rac8 20. Qb1 Rxc1 21. Rxc1 Rc8
22. Nd2 Kf8 23. Nb3 Ng8 24. h4 Rxc1 25. Qxc1 Qd8 26. Bh3 Ne7 27. Bg5 Qb8 28.
Na5 Ke8 29. Qc2 Bd7 30. Bxd7+ Kxd7 31. Bxe7 Kxe7 {resto ilegÃ­vel} 1-0

[Event "IX American Continental Classical Championship 201"]
[Site "Hotel Pipa AtlÃ¢ntico - Praia da Pipa - Rio Grande"]
[Date "2014.10.18"]
[Round "1"]
[Board "88"]
[White "Born, Ary"]
[Black "Araujo, Sergio Murilo"]
[Result "0-1"]
[WhiteElo "1453"]
[BlackElo "2109"]
[PlyCount "72"]
[EventDate "2014.10.18"]
[EventRounds "11"]
[EventCountry "BRA"]

1. e4 d6 2. Bc4 Nf6 3. Nc3 g6 4. d4 Bg7 5. h3 O-O 6. Bg5 Nxe4 7. Nxe4 d5 8. Bb3
dxe4 9. c3 c5 10. d5 b5 11. Qd2 c4 12. Bc2 f5 13. f4 Bb7 14. O-O-O Qd6 15. h4
h6 16. h5 hxg5 17. hxg6 gxf4 18. Qe2 Qxg6 19. d6 exd6 20. Rxd6 Qxd6 21. Qh5 Rf7
22. Bd1 Nd7 23. Qh7+ Kf8 24. Bh5 Qh6 25. Qxh6 Bxh6 26. Bxf7 f3+ 27. Kc2 Be3 28.
Be6 Nc5 29. Bxf5 fxg2 30. Rh8+ Kg7 31. Rh7+ Kf6 32. Bh3 Rd8 33. b4 Rd2+ 34. Kb1
Rd1+ 35. Kc2 Rc1+ 36. Kb2 Na4+ 0-1

[Event "IX American Continental Classical Championship 201"]
[Site "Hotel Pipa AtlÃ¢ntico - Praia da Pipa - Rio Grande"]
[Date "2014.10.19"]
[Round "2"]
[Board "1"]
[White "Teixeira, Ricardo Da Silva"]
[Black "Bruzon Batista, Lazaro"]
[Result "0-1"]
[WhiteElo "2220"]
[BlackElo "2679"]
[PlyCount "110"]
[EventDate "2014.10.18"]
[EventRounds "11"]
[EventCountry "BRA"]

1. d4 Nf6 2. Nf3 c5 3. d5 d6 4. Nc3 g6 5. e4 Bg7 6. Be2 O-O 7. O-O Na6 8. Re1
Nc7 9. Nd2 b6 10. a4 e6 11. Nc4 exd5 12. exd5 Bb7 13. Bf3 Ba6 14. Na3 Nd7 15.
Ncb5 Ne5 16. Be2 Nxb5 17. axb5 Bb7 18. Nc4 Nxc4 19. Bxc4 Bd4 20. Qf3 Re8 21.
Rf1 Qh4 22. g3 Qh3 23. c3 Be5 24. Bd2 Bc8 25. Rfe1 Bg4 26. Qd3 Kg7 27. f4 Bf6
28. Rxe8 Rxe8 29. Re1 Rxe1+ 30. Bxe1 Bc8 31. Qe4 Qd7 32. Qd3 Qe8 33. Qe2 Qd8
34. Bd3 h5 35. Bd2 Bg4 36. Qe3 Qc8 37. Bc4 h4 38. Qd3 Qh8 39. Qe3 Qh5 40. Be1
hxg3 41. Bxg3 Bf5 42. Be2 Qh8 43. Bc4 Qc8 44. Kf2 Kf8 45. Kg1 Be7 46. Kf2 Bf6
47. Kg1 Kg8 48. Kf2 Bb1 49. Kg1 Qf5 50. Qe2 Be4 51. Qd2 Be7 52. Qe1 Bf8 53. Qd2
Bh6 54. Bb3 Bd3 55. c4 g5 0-1

[Event "IX American Continental Classical Championship 201"]
[Site "Hotel Pipa AtlÃ¢ntico - Praia da Pipa - Rio Grande"]
[Date "2014.10.19"]
[Round "2"]
[Board "2"]
[White "Granda Zuniga, Julio E"]
[Black "Terao, Juliana Sayumi"]
[Result "1-0"]
[WhiteElo "2674"]
[BlackElo "2229"]
[PlyCount "63"]
[EventDate "2014.10.18"]
[EventRounds "11"]
[EventCountry "BRA"]

1. Nf3 Nf6 2. g3 g6 3. Bg2 Bg7 4. O-O O-O 5. d4 c5 6. c4 d6 7. Nc3 Nbd7 8. e4
cxd4 9. Nxd4 Ne5 10. b3 Bd7 11. h3 Rc8 12. Be3 a6 13. a4 e6 14. Qd2 Re8 15.
Rfd1 Nc6 16. Nde2 Bf8 17. a5 Nxa5 18. Rxa5 Qxa5 19. Nd5 Qd8 20. Bb6 exd5 21.
Bxd8 Rexd8 22. cxd5 Rc5 23. Rc1 Rdc8 24. Rxc5 Rxc5 25. f4 Bg7 26. e5 Ne8 27.
Qe3 b6 28. Nc3 a5 29. Kh2 dxe5 30. fxe5 Nc7 31. Ne4 Nxd5 32. Qd2 1-0

[Event "IX American Continental Classical Championship 201"]
[Site "Hotel Pipa AtlÃ¢ntico - Praia da Pipa - Rio Grande"]
[Date "2014.10.19"]
[Round "2"]
[Board "3"]
[White "Fernandez, Maria Florencia"]
[Black "Bachmann, Axel"]
[Result "0-1"]
[WhiteElo "2218"]
[BlackElo "2645"]
[PlyCount "70"]
[EventDate "2014.10.18"]
[EventRounds "11"]
[EventCountry "BRA"]

1. d4 g6 2. c4 Bg7 3. Nc3 d6 4. e4 e5 5. d5 f5 6. f3 f4 7. g3 g5 8. h4 h6 9.
hxg5 hxg5 10. Rxh8 Bxh8 11. Qc2 Na6 12. Qh2 Bf6 13. Qh5+ Kf8 14. Bd2 Bd7 15.
O-O-O Nc5 16. Be1 Kg7 17. gxf4 exf4 18. b4 Na4 19. e5 Bxe5 20. Ne4 Bf5 21. Bh3
Bb2+ 22. Kd2 Bg6 23. Qxg5 Nf6 24. Qxf4 Nxe4+ 25. fxe4 Be5 26. Qg4 Nc3 27. Nf3
Nxe4+ 28. Kc1 Qf6 29. Nxe5 Qxe5 30. Qd7+ Kh8 31. Rd3 Qa1+ 32. Kc2 Qxa2+ 33. Kc1
Qxc4+ 34. Bc3+ Nxc3 35. Bf5 Ne4+ 0-1

[Event "IX American Continental Classical Championship 201"]
[Site "Hotel Pipa AtlÃ¢ntico - Praia da Pipa - Rio Grande"]
[Date "2014.10.19"]
[Round "2"]
[Board "4"]
[White "Leitao, Rafael"]
[Black "Sega, Carlos Alberto"]
[Result "1-0"]
[WhiteElo "2636"]
[BlackElo "2218"]
[PlyCount "83"]
[EventDate "2014.10.18"]
[EventRounds "11"]
[EventCountry "BRA"]

1. d4 Nf6 2. c4 e6 3. Nc3 Bb4 4. Qc2 c5 5. dxc5 Bxc5 6. Nf3 Qb6 7. e3 Qc7 8.
Be2 b6 9. O-O a6 10. a3 Bb7 11. b4 Be7 12. e4 d6 13. Bf4 Nbd7 14. Rfd1 O-O 15.
Qd3 e5 16. Be3 Rac8 17. a4 d5 18. Nxd5 Nxd5 19. cxd5 Bxb4 20. Nd2 Qd6 21. Rdc1
Nc5 22. Qb1 Bxd2 23. Bxd2 f5 24. f3 fxe4 25. fxe4 a5 26. Be3 Rc7 27. Ra2 Bc8
28. Rac2 Bd7 29. Bb5 Bg4 30. h3 Bh5 31. Bxc5 bxc5 32. Qb3 Bg6 33. Qe3 Rf4 34.
Bd3 Qd7 35. Rc4 h6 36. Rb1 Qe7 37. Rb5 Qh4 38. Kh2 Rcf7 39. Qg3 Qh5 40. Rbxc5
Rf2 41. Rc2 R2f4 42. d6 1-0

[Event "IX American Continental Classical Championship 201"]
[Site "Hotel Pipa AtlÃ¢ntico - Praia da Pipa - Rio Grande"]
[Date "2014.10.19"]
[Round "2"]
[Board "6"]
[White "Hernandez Riera, Jose"]
[Black "Ortiz Suarez, Isan Reynaldo"]
[Result "0-1"]
[WhiteElo "2203"]
[BlackElo "2611"]
[PlyCount "62"]
[EventDate "2014.10.18"]
[EventRounds "11"]
[EventCountry "BRA"]

1. d4 Nf6 2. c4 e6 3. Nf3 c5 4. d5 exd5 5. cxd5 d6 6. Nc3 g6 7. Bf4 a6 8. a4
Bg7 9. e3 O-O 10. Be2 Nh5 11. Bg3 Nxg3 12. hxg3 Nd7 13. O-O Rb8 14. Nd2 f5 15.
Nc4 Ne5 16. Rb1 Nxc4 17. Bxc4 Qa5 18. b4 cxb4 19. Ne2 Bd7 20. Nf4 Bxa4 21. Qd3
b5 22. Ba2 Rfc8 23. Rbc1 Rc3 24. Rxc3 bxc3 25. Ne6 Bf6 26. g4 c2 27. Nd4 Bxd4
28. exd4 Qc7 29. Qe3 fxg4 30. Re1 Rc8 31. Rc1 Qf7 0-1

[Event "IX American Continental Classical Championship 201"]
[Site "Hotel Pipa AtlÃ¢ntico - Praia da Pipa - Rio Grande"]
[Date "2014.10.19"]
[Round "2"]
[Board "8"]
[White "Silveira Filho, Neri Da Silva"]
[Black "Felgaer, Ruben"]
[Result "0-1"]
[WhiteElo "2200"]
[BlackElo "2577"]
[PlyCount "68"]
[EventDate "2014.10.18"]
[EventRounds "11"]
[EventCountry "BRA"]

1. d4 d5 2. Nc3 Bf5 3. f3 e6 4. e4 Bg6 5. Bf4 Nf6 6. exd5 exd5 7. Qe2+ Be7 8.
Qb5+ Nbd7 9. Nxd5 Nxd5 10. Qxd5 O-O 11. O-O-O c6 12. Qb3 Nb6 13. Bd3 Qxd4 14.
Ne2 Qf6 15. Bxg6 Qxg6 16. Nc3 Rfe8 17. Ne4 Nd5 18. Bd2 b5 19. g4 a5 20. h4 a4
21. Qd3 Rad8 22. Kb1 b4 23. Qc4 Nb6 24. Qa6 c5 25. Bg5 Bxg5 26. hxg5 Qc6 27.
Rxd8 Rxd8 28. Qe2 Qd5 29. Re1 a3 30. Nc3 Qa8 31. Ne4 Na4 32. Qe3 axb2 33. Qb3
Qa6 34. Nd6 Nc3+ 0-1

[Event "IX American Continental Classical Championship 201"]
[Site "Hotel Pipa AtlÃ¢ntico - Praia da Pipa - Rio Grande"]
[Date "2014.10.19"]
[Round "2"]
[Board "9"]
[White "Cruz, Cristhian"]
[Black "Mesias Rojas, Rabindranath"]
[Result "1-0"]
[WhiteElo "2557"]
[BlackElo "2209"]
[PlyCount "135"]
[EventDate "2014.10.18"]
[EventRounds "11"]
[EventCountry "BRA"]

1. c4 c5 2. g3 Nc6 3. Bg2 g6 4. Nc3 Bg7 5. a3 a5 6. Nf3 e5 7. O-O Nge7 8. d3
O-O 9. Ne1 d6 10. Nc2 Be6 11. Ne3 Rb8 12. Rb1 Qd7 13. Ned5 b6 14. Qa4 Bh3 15.
Nxe7+ Nxe7 16. Qxd7 Bxd7 17. b4 axb4 18. axb4 Bc6 19. Bg5 f6 20. Bd2 Bxg2 21.
Kxg2 Rfd8 22. Rb2 cxb4 23. Rxb4 d5 24. Rfb1 dxc4 25. Rxc4 Bf8 26. Be3 Nd5 27.
Nxd5 Rxd5 28. Rxb6 Rxb6 29. Bxb6 Rd7 30. g4 Kf7 31. Be3 Bd6 32. f4 Rc7 33. Ra4
exf4 34. Bxf4 Bxf4 35. Rxf4 Ke6 36. Ra4 Rb7 37. Kf3 Kf7 38. Ra6 Rd7 39. h3 Kg7
40. Ke3 Re7+ 41. Kd2 Rd7 42. Ra4 Rb7 43. h4 h5 44. gxh5 gxh5 45. Rf4 Kf7 46. e4
Rb5 47. Rf5 Rb2+ 48. Kc3 Rh2 49. e5 Rxh4 50. Rxf6+ Ke7 51. d4 Rh1 52. Kc4 h4
53. Kd5 h3 54. Rh6 h2 55. Rh7+ Kf8 56. e6 Kg8 57. Rh3 Kg7 58. Kd6 Rd1 59. Rxh2
Rxd4+ 60. Ke7 Rd1 61. Rg2+ Kh7 62. Kf7 Rf1+ 63. Ke8 Re1 64. e7 Re4 65. Kf7 Rf4+
66. Ke6 Re4+ 67. Kf6 Re1 68. Rg5 1-0

[Event "IX American Continental Classical Championship 201"]
[Site "Hotel Pipa AtlÃ¢ntico - Praia da Pipa - Rio Grande"]
[Date "2014.10.19"]
[Round "2"]
[Board "10"]
[White "Aliaga Fernandez, Ingrid Y"]
[Black "Perez Ponsa, Federico"]
[Result "0-1"]
[WhiteElo "2181"]
[BlackElo "2536"]
[PlyCount "94"]
[EventDate "2014.10.18"]
[EventRounds "11"]
[EventCountry "BRA"]

1. e4 c5 2. Nf3 d6 3. Bb5+ Nd7 4. d4 cxd4 5. Qxd4 a6 6. Bc4 Ngf6 7. Nc3 e6 8.
a4 Be7 9. O-O Qc7 10. Bg5 O-O 11. Rad1 b6 12. Bh4 Bb7 13. Bg3 e5 14. Qd3 Nc5
15. Qe2 Ncxe4 16. Nxe4 Bxe4 17. Ng5 Bg6 18. Rc1 h6 19. Nh3 a5 20. f4 Bh5 21.
Qd3 e4 22. Qb3 d5 23. Bb5 Bc5+ 24. Kh1 Bg4 25. Bh4 Qd6 26. Bxf6 Qxf6 27. Qxd5
e3 28. Ng1 Qxb2 29. f5 Rad8 30. Qe4 Rd4 31. Qe5 Bh5 32. f6 g5 33. Bd3 Rb4 34.
Qg3 Rg4 35. Qc7 Rxa4 36. Ne2 Bxe2 37. Bxe2 Re4 38. Bd3 Qe5 39. Qb7 Rh4 40. g3
Qxg3 41. Qg2 Bd6 42. Qxg3 Bxg3 43. Kg2 Bf2 44. Rb1 Rf4 45. Rb5 Rxf6 46. Rfb1
Re8 47. Be2 Bh4 0-1

[Event "IX American Continental Classical Championship 201"]
[Site "Hotel Pipa AtlÃ¢ntico - Praia da Pipa - Rio Grande"]
[Date "2014.10.19"]
[Round "2"]
[Board "11"]
[White "Hernandez Guerrero, Gilberto"]
[Black "Araujo, Jose Roberto"]
[Result "1-0"]
[WhiteElo "2531"]
[BlackElo "2205"]
[PlyCount "107"]
[EventDate "2014.10.18"]
[EventRounds "11"]
[EventCountry "BRA"]

1. e4 c5 2. Nc3 e6 3. Nf3 d6 4. d4 cxd4 5. Nxd4 Nf6 6. Be2 Be7 7. O-O Nc6 8.
Be3 Nxd4 9. Qxd4 O-O 10. f4 a6 11. Rad1 Qc7 12. Qb6 Qb8 13. a4 Bd7 14. Bf3 Bc6
15. Qb3 e5 16. Kh1 exf4 17. Bxf4 Nd7 18. Nd5 Bd8 19. Nb4 Ne5 20. Nxc6 bxc6 21.
Qxb8 Rxb8 22. b3 Be7 23. Be2 a5 24. Bxe5 dxe5 25. Rd7 Bf6 26. Bc4 Rbd8 27. Ra7
Ra8 28. Bxf7+ Kh8 29. Rxa8 Rxa8 30. g3 Rd8 31. Kg2 Rd2+ 32. Rf2 Rd6 33. h4 g6
34. Bc4 Kg7 35. c3 Rd8 36. Kf1 Rd1+ 37. Ke2 Rd7 38. Rf3 Bd8 39. Be6 Re7 40. Rd3
Bc7 41. Bd7 c5 42. Bb5 g5 43. hxg5 Kg6 44. Rd5 Kxg5 45. Kf3 Bb6 46. Bc4 Rf7+
47. Kg2 Re7 48. Rd6 Bc7 49. Rc6 Rd7 50. Rxc5 h5 51. Kf3 h4 52. gxh4+ Kxh4 53.
Bd5 Rg7 54. Ke2 1-0

[Event "IX American Continental Classical Championship 201"]
[Site "Hotel Pipa AtlÃ¢ntico - Praia da Pipa - Rio Grande"]
[Date "2014.10.19"]
[Round "2"]
[Board "12"]
[White "Barata, Adriano Albiani"]
[Black "El Debs, Felipe De Cresce"]
[Result "0-1"]
[WhiteElo "2171"]
[BlackElo "2514"]
[PlyCount "62"]
[EventDate "2014.10.18"]
[EventRounds "11"]
[EventCountry "BRA"]

1. e4 c5 2. Nf3 e6 3. d3 d5 4. Qe2 Ne7 5. g3 Nbc6 6. Bg2 g6 7. O-O Bg7 8. e5
Qc7 9. Re1 b6 10. c3 h6 11. h4 Ba6 12. Bf4 O-O-O 13. a4 c4 14. d4 Bb7 15. Na3
a6 16. Nd2 Na5 17. b4 cxb3 18. Reb1 Nec6 19. Nxb3 Nxb3 20. Rxb3 Na5 21. Rbb1
Kb8 22. Qb2 Ka7 23. Bf1 Rb8 24. Qe2 Rhc8 25. Nc2 Qxc3 26. Nb4 Nb3 27. Nxa6 Nxd4
28. Qd1 Bxa6 29. Bxa6 Kxa6 30. Qf1+ Qc4 31. a5 Qxf1+ 0-1

[Event "IX American Continental Classical Championship 201"]
[Site "Hotel Pipa AtlÃ¢ntico - Praia da Pipa - Rio Grande"]
[Date "2014.10.19"]
[Round "2"]
[Board "14"]
[White "Jodorcovsky Werjivker, Paulo"]
[Black "Shabalov, Alexander"]
[Result "0-1"]
[WhiteElo "2170"]
[BlackElo "2499"]
[PlyCount "124"]
[EventDate "2014.10.18"]
[EventRounds "11"]
[EventCountry "BRA"]

1. d4 d5 2. Nf3 Nf6 3. c4 e6 4. Bg5 Bb4+ 5. Nc3 c5 6. cxd5 exd5 7. e3 Nc6 8.
dxc5 h6 9. Bxf6 Qxf6 10. Rc1 O-O 11. Bb5 Rd8 12. Bxc6 bxc6 13. Qd4 Qg6 14. O-O
Ba5 15. Qf4 Re8 16. b4 Bd8 17. Qg3 Qh5 18. Ne2 Ba6 19. Nf4 Qf5 20. Nd4 Qd7 21.
Rfd1 Bc4 22. a3 a5 23. Nh5 g6 24. Nf4 Bf6 25. Qf3 axb4 26. axb4 Ra6 27. h3 Bg7
28. Nfe2 Qb7 29. Rb1 Ra3 30. Qf4 Bd3 31. Rb2 Bxe2 32. Rxe2 Qxb4 33. Rc2 Re4 34.
Qd6 Bxd4 35. exd4 Rxd4 36. Rxd4 Qxd4 37. Rc1 Ra2 38. Rf1 Rc2 39. Qxc6 Kg7 40.
Qd6 Rxc5 41. Re1 Rc2 42. Qe5+ Qxe5 43. Rxe5 Rc1+ 44. Kh2 Rd1 45. h4 Kf6 46. Re8
h5 47. g3 Rd4 48. Kg2 Re4 49. Rb8 Ke5 50. Kf3 Kd4 51. Rb7 Re5 52. Ra7 Kc3 53.
Ra3+ Kb4 54. Ra7 d4 55. Kf4 f6 56. Kf3 d3 57. Rb7+ Kc3 58. Rc7+ Kd4 59. Rd7+
Rd5 60. Ra7 Rf5+ 61. Kg2 d2 62. Ra1 Rc5 0-1

[Event "IX American Continental Classical Championship 201"]
[Site "Hotel Pipa AtlÃ¢ntico - Praia da Pipa - Rio Grande"]
[Date "2014.10.19"]
[Round "2"]
[Board "15"]
[White "Matsuura, Everaldo"]
[Black "Herman, Diego"]
[Result "1-0"]
[WhiteElo "2486"]
[BlackElo "2198"]
[PlyCount "39"]
[EventDate "2014.10.18"]
[EventRounds "11"]
[EventCountry "BRA"]

1. e4 d6 2. d4 Nf6 3. Nc3 g6 4. Be3 a6 5. Qd2 b5 6. f3 Nbd7 7. O-O-O Nb6 8. Bh6
b4 9. Nce2 Nc4 10. Qg5 Bxh6 11. Qxh6 Bd7 12. Nf4 d5 13. e5 c5 14. exf6 Qa5 15.
Nxd5 Nxb2 16. Kxb2 Qa3+ 17. Kb1 b3 18. axb3 Rb8 19. Bc4 Bf5 20. Qe3 1-0

[Event "IX American Continental Classical Championship 201"]
[Site "Hotel Pipa AtlÃ¢ntico - Praia da Pipa - Rio Grande"]
[Date "2014.10.19"]
[Round "2"]
[Board "16"]
[White "Markzon, Gregory"]
[Black "Gonzalez Acosta, Bernal"]
[Result "0-1"]
[WhiteElo "2160"]
[BlackElo "2478"]
[PlyCount "60"]
[EventDate "2014.10.18"]
[EventRounds "11"]
[EventCountry "BRA"]

1. d4 d5 2. c4 c6 3. Nc3 Nf6 4. e3 g6 5. Nf3 Bg7 6. h3 O-O 7. Bd3 c5 8. dxc5
dxc4 9. Bxc4 Qxd1+ 10. Kxd1 Nbd7 11. c6 bxc6 12. Ke2 Nb6 13. Bd3 Nfd5 14. Nd4
Nb4 15. Be4 Ba6+ 16. Kf3 f5 17. Bb1 e5 18. Ne6 e4+ 19. Kg3 Be5+ 20. f4 exf3+
21. Kxf3 Rfe8 22. Nc5 Bc4 23. a3 N4d5 24. Bd2 Rad8 25. Re1 Nxc3 26. Bxc3 Bxc3
27. bxc3 Re5 28. Nd3 Bxd3 29. Rd1 Red5 30. Ba2 Bc4 0-1

[Event "IX American Continental Classical Championship 201"]
[Site "Hotel Pipa AtlÃ¢ntico - Praia da Pipa - Rio Grande"]
[Date "2014.10.19"]
[Round "2"]
[Board "18"]
[White "Caceres Leal, Jaime"]
[Black "Pichot, Alan"]
[Result "0-1"]
[WhiteElo "2157"]
[BlackElo "2473"]
[PlyCount "50"]
[EventDate "2014.10.18"]
[EventRounds "11"]
[EventCountry "BRA"]

1. e4 c5 2. c3 Nf6 3. e5 Nd5 4. d4 cxd4 5. Nf3 e6 6. cxd4 b6 7. Nc3 Nxc3 8.
bxc3 Qc7 9. Bd2 Bb7 10. Bd3 d6 11. O-O Nd7 12. Re1 dxe5 13. Nxe5 Nxe5 14. dxe5
Bc5 15. Qg4 O-O-O 16. Qc4 Rxd3 17. Qxd3 Rd8 18. Qxh7 Rxd2 19. Rf1 Qxe5 20. Qg8+
Rd8 21. Qxf7 Qg5 22. Qxe6+ Kb8 23. Qh3 Rd3 24. g3 Qf6 25. Rae1 Qf3 0-1

[Event "IX American Continental Classical Championship 201"]
[Site "Hotel Pipa AtlÃ¢ntico - Praia da Pipa - Rio Grande"]
[Date "2014.10.19"]
[Round "2"]
[Board "19"]
[White "Henriquez Villagra, Cristobal"]
[Black "Souza Neves, Andrey M."]
[Result "1-0"]
[WhiteElo "2470"]
[BlackElo "2173"]
[PlyCount "85"]
[EventDate "2014.10.18"]
[EventRounds "11"]
[EventCountry "BRA"]

1. d4 Nf6 2. c4 e6 3. Nf3 Bb4+ 4. Bd2 a5 5. Nc3 b6 6. b3 Bb7 7. a3 Be7 8. g3
O-O 9. Bg2 d5 10. cxd5 exd5 11. Bf4 c6 12. O-O Nbd7 13. Qc2 Nh5 14. Bd2 f5 15.
Ne5 Nxe5 16. dxe5 g6 17. Bh6 Ng7 18. Rfd1 Qb8 19. Be3 b5 20. f4 Ne6 21. Bf2 Rd8
22. e3 h5 23. h3 Nc5 24. g4 Ne4 25. Nxe4 dxe4 26. gxf5 gxf5 27. h4 Rxd1+ 28.
Rxd1 Qf8 29. Rd7 Bc8 30. Rc7 c5 31. Qd1 Be6 32. Qxh5 Qf7 33. Qxf7+ Kxf7 34. h5
Ke8 35. h6 Bg8 36. Bh3 Kd8 37. Rb7 c4 38. bxc4 b4 39. a4 Rc8 40. Bxf5 Rxc4 41.
Rb8+ Kc7 42. Rc8+ Kb6 43. Rxc4 1-0